Directivos de alto rendimiento (Registro nro. 6958)

Detalles MARC
000 -Cabecera
Campo de control de longitud fija 01051ata a2200349 4500
005 - Fecha y hora de la última transacción
Campo de control 20250806131801.0
008 - Elementos de longitud fija--Información general
Campo de control de longitud fija 150729b2004 xxu||||| |||| 00| 0 spa d
020 ## - International Standard Book Number
Número Internacional Estándar del Libro (ISBN) 84234213510
041 ## - Idioma
Código de idioma Español
082 ## - Clasificación Decimal Dewey
Número de clasificación 658.409.2 H339d
100 ## - Entrada principal--Autor personal
Nombre personal Harvard Business School
245 ## - Título propiamente dicho
Título Directivos de alto rendimiento
260 ## - Pie de imprenta
Lugar de publicación, distribución, etc. España
260 ## - Pie de imprenta
Nombre del editor, distribuidor, etc. Deusto
260 ## - Pie de imprenta
Fecha de publicación, distribución, etc. 2004
300 ## - Descripción física
Extensión 171 páginas
490 ## - Serie
Título de la Serie Dirección y Administración de Empresas
650 ## - Materia general
Temática (materia general) LIDERAZGO EJECUTIVO
650 ## - Materia general
Temática (materia general) CLASES DE GESTIÓN DEL TIEMPO
650 ## - Materia general
Temática (materia general) AGENDA
650 ## - Materia general
Temática (materia general) CUIDADO CON EL JEFE OCUPADO
650 ## - Materia general
Temática (materia general) LO QUE REALMENTE HACEN LOS DIRECTORES GENERALES EFICACES
650 ## - Materia general
Temática (materia general) DIRECTORES GENERALES DE ÉXITO
650 ## - Materia general
Temática (materia general) FORMACIÓN DE UN ATLETA EMPRESARIAL
650 ## - Materia general
Temática (materia general) RENDIMIENTI IDEAL
650 ## - Materia general
Temática (materia general) CAPACIDAD FISICA
650 ## - Materia general
Temática (materia general) CAPACIDAD MENTAL
650 ## - Materia general
Temática (materia general) CAPACIDAD ESPIRITUAL
650 ## - Materia general
Temática (materia general) EVITAR PÉRDIDAD DE TIEMPO
650 ## - Materia general
Temática (materia general) PELIGROS DE LOS ENTRENADORES EMPRESARIALES PERSONALES
942 ## - Punto de acceso adicional KOHA
Tipo de ítem KOHA Libro
Fuente del sistema de clasificación o colocación Dewey Decimal Classification
Existencias
Signatura completa Código de barras Programa Académico Tipo de ítem
658.409.2 H339di 11969 Dirección y Administración de Empresas Libro